Rubber in chemical engineering (Record no. 20174)

MARC details
000 -LEADER
fixed length control field 00352nam a2200145Ia 4500
082 ## - DEWEY DECIMAL CLASSIFICATION NUMBER
Classification number NR:62:678.06
Item number STE
100 ## - MAIN ENTRY--AUTHOR NAME
Personal name Donald, M B
245 #0 - TITLE STATEMENT
Title Rubber in chemical engineering
250 ## - EDITION STATEMENT
Edition statement Ed.2
260 ## - PUBLICATION, DISTRIBUTION, ETC. (IMPRINT)
Place of publication London
Name of publisher BRDB
Year of publication 1949
650 ## - SUBJECT ADDED ENTRY--TOPICAL TERM
Topical Term Rubber engineering
700 ## - ADDED ENTRY--PERSONAL NAME
Personal name Stevens
942 ## - ADDED ENTRY ELEMENTS (KOHA)
Koha item type Books
Holdings
Withdrawn status Lost status Damaged status Not for loan Home library Current library Date acquired Full call number Accession Number Koha item type
        RRII Library RRII Library 16/12/2021 NR:62:678.06 STE 00901 Books